书目信息 |
| 题名: |
中立型时滞系统的鲁棒控制
|
|
| 作者: | 李宏飞 著 | |
| 分册: | ||
| 出版信息: | 西安 西北工业大学出版社 2006.10 |
|
| 页数: | 188页 | |
| 开本: | 21cm | |
| 丛书名: | ||
| 单 册: | ||
| 中图分类: | TP13 | |
| 科图分类: | ||
| 主题词: | 时滞系统--shi zhi xi tong--鲁棒控制 | |
| 电子资源: | ||
| ISBN: | 7-5612-2145-2 | |
| 000 | 00791nam0 2200229 450 | |
| 001 | 012006660937 | |
| 005 | 20070612154708.68 | |
| 010 | @a7-5612-2145-2@dCNY14.00 | |
| 100 | @a20061203d2006 km y0chiy0120 ea | |
| 101 | 0 | @achi |
| 102 | @aCN@b610000 | |
| 105 | @ay a 000yy | |
| 200 | 1 | @a中立型时滞系统的鲁棒控制@Azhong li xing shi zhi xi tong de lu bang kong zhi@f李宏飞著@Fli hong fei zhu |
| 210 | @a西安@c西北工业大学出版社@d2006.10 | |
| 215 | @a188页@d21cm | |
| 320 | @a有书目 (第173-188页)。 | |
| 330 | @a本书着重论述了中立型系统的一些基本问题、线性中立型时滞系统的反馈镇定、不确定线性中立型系统的鲁棒控制等内容。 | |
| 606 | 0 | @a时滞系统@Ashi zhi xi tong@x鲁棒控制 |
| 690 | @aTP13@v4 | |
| 701 | 0 | @a李宏飞@Ali hong fei@4著 |
| 801 | 0 | @aCN@c20070612 |
| 905 | @a10447@dTP13@eL171 | |
| 中立型时滞系统的鲁棒控制/李宏飞著.-西安:西北工业大学出版社,2006.10 |
| 188页;21cm |
| ISBN 7-5612-2145-2:CNY14.00 |
| 本书着重论述了中立型系统的一些基本问题、线性中立型时滞系统的反馈镇定、不确定线性中立型系统的鲁棒控制等内容。 |
| ● |
| 相关链接 |
|
|
|
正题名:中立型时滞系统的鲁棒控制
索取号:TP13/L171
 
预约/预借
| 序号 | 登录号 | 条形码 | 馆藏地/架位号 | 状态 | 备注 |
| 1 | 229972 | 202299725 | 自科库301/301自科库 101排3列6层/ [索取号:TP13/L171] | 在馆 | |
| 2 | 229973 | 202299734 | 自科库301/301自科库 101排3列6层/ [索取号:TP13/L171] | 在馆 |